MARC

LEADER 00000nam0a2200000 4500
001 245468
005 20231031211131.0
010 |a 5120012752 
020 |a RU  |b 90-52167 
035 |a (RuTPU)RU\TPU\book\266877 
090 |a 245468 
100 |a 20131111d1990 k a0rusy5003 ca 
101 0 |a rus 
102 |a UA 
105 |a a z 001zy 
200 1 |a Представления конечных автоматов фрагментами поведения  |f И. С. Грунский, В. А. Козловский, Г. Г. Пономаренко  |g Академия наук Украинской ССР (АН УССР), Институт прикладной математики и механики 
210 |a Киев  |c Наукова думка  |d 1990 
215 |a 232 с.  |c ил. 
320 |a Библиогр.: с. 225-228 (85 назв.) 
606 1 |a Кибернетика  |x Математические основы  |2 stltpush  |3 (RuTPU)RU\TPU\subj\39461 
610 1 |a теория автоматов 
610 1 |a фрагменты 
610 1 |a идентификаторы 
610 1 |a представления 
610 1 |a техническая диагностика 
675 |a 519.7  |z rus 
700 1 |a Грунский  |b И. С.  |g Игорь Сергеевич  |4 070 
701 1 |a Козловский  |b В. А.  |g Валерий Анатольевич 
701 1 |a Пономаренко  |b Г. Г.  |g Григорий Григорьевич 
712 0 2 |a Академия наук Украинской ССР (АН УССР)  |b Институт прикладной математики и механики  |c (Донецк)  |2 stltpush  |3 (RuTPU)RU\TPU\col\14125 
801 0 |a RU  |b RuMRKP  |c 19950417  |g psbo 
801 1 |a RU  |b 63413507  |c 20131111 
801 2 |a RU  |b 63413507  |c 20131118  |g RCR 
942 |c BK